00469 2200169 4500001002100000008004100021035002000062245006400082100001700146260004000163300002600203020002200229084001400251082000800265650001000273990001600283INLIS000000000000005 ind  a0010-0724000005 aA Love To RememberbKucinta Caramu MencintaikucAdi Perkasa aPerkasa, Adi aYogyakarta :bMedia Prasindo,c2013 a212 hlm.c13 x 19 cm. a978-979-911-253-8 a813 ADI a a813 aFiksi aP29/CP/24/5